000 00885cam a2200265 a 4500
001 16383278
005 20180212044427.0
008 100809s2011 mou b 001 0 eng
010 _a 2010033835
020 _a9780323059107 (pbk. : alk. paper)
035 _a(DNLM)101537774
040 _aDNLM/DLC
_cDLC
_dDLC
041 _aeng
042 _apcc
060 1 0 _aWS 368
080 _a618.92.89165 lew
082 0 0 _a618.92.89165 lew
_222
100 _a8
101 _aped
245 0 0 _aPediatric skills for occupational therapy assistants /
_c[edited by] Jean W. Solomon, Jane Clifford O'Brien ; illustrations by Moran Midgett ; with 30 contributing authors.
504 _aIncludes bibliographical references and index.
906 _a7
_bcbc
_corignew
_d1
_eecip
_f20
_gy-gencatlg
942 _2ddc
_cBK
999 _c42319
_d42319